| 000 | 00455 a2200157 4500 | ||
|---|---|---|---|
| 001 | 66598 | ||
| 082 | _a623.7460 MOI | ||
| 090 |
_c38557 _d38557 |
||
| 100 | _aMoir, Ian ; Seabeidge | ||
| 245 |
_aMilitary Avionics Systems, 1st Edition _cIan Moir |
||
| 250 | _a1 | ||
| 260 |
_aU.K _bJohn Wiley & Sons U.K _c2006 |
||
| 300 |
_axxi, 520 p. _bphotocopy [ 77343 origional copy] |
||
| 500 | _aBE textbook Avionics | ||
| 600 |
_aSeabeidge _tAvionics Systems |
||
| 942 |
_aNUST-CAE _k623.7460 MOI |
||
| 999 |
_c301671 _d301671 |
||